000 00323nam a22001457a 4500
008 210302b ||||| |||| 00| 0 eng d
020 _a9780312081256
041 _aeng
080 _a82
082 _a82
100 _a22
101 _aGJL
245 _aWestern Literature in a World Context
_cDavis, P
942 _2udc
_cBK
999 _c55502
_d55502